00665nam a2200205 i 4500001000700000003000900007005001700016007000300033008004100036080001500077100003000092245009400122260004300216300002100259490003000280500005800310700002600368830003000394852003500424124741ES-MaACL20230906192503.0t|070418s1924 sp ||||1| spa d a860-23"19"1 aLópez Pinillos, José.13aLa red b: drama en tres actos / coriginal de José López Pinillos (Parmeno) [seud.]. a[Madrid : bLa Novela Teatral, c1924] a16 h. ; c20 cm.1 aLa novela teatral ; v393 aEn la cub. caricatura de Antonio Estévez por Tovar.0 aTovar c, ilustrador.0 aLa novela teatral ; v393 aES-MaACLj2216-F-42 bR.138816